Leadership (Record no. 536273)
[ view plain ]
| 000 -LEADER | |
|---|---|
| fixed length control field | 00611nam a22001577a 4500 |
| 082 ## - DEWEY DECIMAL CLASSIFICATION NUMBER | |
| Classification number | 621.3 |
| 100 ## - MAIN ENTRY--PERSONAL NAME | |
| Personal name | Hashmi, Ahmed Mustafa ; Saleem, Asim ; Ahmad, Haseeb ; Khalid, Umer |
| 245 ## - TITLE STATEMENT | |
| Title | Leadership |
| Statement of responsibility, etc. | Ahmed Mustafa Hashmi ; Asim Saleem ; Haseeb Ahmad ; Umer Khalid |
| 260 ## - PUBLICATION, DISTRIBUTION, ETC. | |
| Place of publication, distribution, etc. | Islamabad : |
| Name of publisher, distributor, etc. | SEECS - NUST, |
| Date of publication, distribution, etc. | 2011. |
| 300 ## - PHYSICAL DESCRIPTION | |
| Extent | 34 p. ; |
| Dimensions | 30cm. |
| 650 ## - SUBJECT ADDED ENTRY--TOPICAL TERM | |
| Topical term or geographic name entry element | Electrical(Electronics) Engineering-Project Report |
| 700 ## - ADDED ENTRY--PERSONAL NAME | |
| Personal name | Mr. Muhammad Yousaf |
| 856 ## - Uniform Resource Identifier | |
| Uniform Resource Identifier | <a href="http://10.250.8.41:8080/xmlui/handle/123456789/29553">http://10.250.8.41:8080/xmlui/handle/123456789/29553</a> |
| 942 ## - ADDED ENTRY ELEMENTS (KOHA) | |
| Source of classification or shelving scheme | |
| Koha item type | Project Report |
| 650 ## - SUBJECT ADDED ENTRY--TOPICAL TERM | |
| -- | 112202 |
| 700 ## - ADDED ENTRY--PERSONAL NAME | |
| -- | 31155 |
| Withdrawn status | Lost status | Source of classification or shelving scheme | Damaged status | Not for loan | Permanent Location | Current Location | Shelving location | Date acquired | Full call number | Barcode | Date last seen | Price effective from | Koha item type |
|---|---|---|---|---|---|---|---|---|---|---|---|---|---|
| WITHDRAWN | Central Library (CL) | Central Library (CL) | Thesis | 10/06/2020 | 621.3 | CL-BP-381 | 10/06/2020 | 10/06/2020 | Project Report |
